000 00663nam a2200253Ia 4500
003 OSt
005 20220918184827.0
006 a|||||r|||| 00| 0
007 ta
008 220917b |||||||| |||| 00| 0 eng d
024 _a48,247
037 _cTextual
040 _aARTS
_cARTS
_beng
041 _2eng
_aeng
082 _aP0Y1z7, L1-;2
100 _aGumperz John J
_966754
245 0 _aLanguage in social groups
260 _aCalifornia
_bStanford Univ Press
_c1971
300 _axiv,350p.
_ccm.
500 _aBib 345-50p
650 _aLINGUISTICS
942 _hP0Y1z7, L1-;2
_cTEXL
_2CC
999 _c177917
_d177917